| 000 | 00585cam a2200217ua 4500 | ||
|---|---|---|---|
| 001 | 254 | ||
| 005 | 20260515113136.0 | ||
| 008 | 110326n ii |||gr||||Z||||||eng | ||
| 020 | _a978-019-561384-1 | ||
| 020 | _a019-561384-8 | ||
| 040 | _cMAIN | ||
| 082 | _a301 | ||
| 100 | 1 | _aAbraham, M. Francis., | |
| 245 |
_aModern sociological theory. : _bAn introduction. / _cBy M. Francis Abraham. |
||
| 250 | _a1st. | ||
| 260 |
_aNew Delhi.: _bOxford university press., _c2008. |
||
| 300 | _ax, 310 p.:6 cm. | ||
| 653 | _aSociology. | ||
| 653 | _aModern sociological theory. | ||
| 942 | _cBK | ||
| 999 |
_c215 _d215 |
||